| 000 | 00665nam a22002057a 4500 | ||
|---|---|---|---|
| 005 | 20161110122745.0 | ||
| 010 | _aENG-116407 | ||
| 020 |
_a9788170175230 _c450.00 |
||
| 020 |
_a8170175232 _c450.00 |
||
| 035 | _aEN-99939 | ||
| 037 | _bDBAD/PUB | ||
| 082 | _a133.333 | ||
| 100 | _aBhardwaj, Anand | ||
| 245 |
_aScientific approach to vastu shastra : _cby Anand Bhardwaj _btalks on the royal song of sarha / |
||
| 260 |
_aNew Delhi _bAbhinav Publication _c2013 |
||
| 270 |
_aE-37 Hauz Khas _bNew Delhi _e110016 |
||
| 300 |
_a249p.: _c22cm.(Hb) _bill |
||
| 500 | _aIncludes bibliographical references and index | ||
| 942 |
_2ddc _cEN _h133.333 _mBHA |
||
| 999 |
_c104428 _d104428 |
||